Social housing shortage to blame for homes crisis (Record no. 73236)

MARC details
000 -LEADER
fixed length control field 01409cam a2200229 4500
001 - CONTROL NUMBER
control field WB3931-20
008 - FIXED-LENGTH DATA ELEMENTS--GENERAL INFORMATION
fixed length control field 030818n2003 000 0 eng u
035 ## - SYSTEM CONTROL NUMBER
System control number (Sirsi) u123292
245 ## - TITLE STATEMENT
Title Social housing shortage to blame for homes crisis
260 ## - PUBLICATION, DISTRIBUTION, ETC.
Date of publication, distribution, etc. 2003
490 ## - SERIES STATEMENT
Series statement RICS Press Release
Volume/sequential designation (pr084)15 August 2003, (2)
520 ## - SUMMARY, ETC.
Summary, etc. In its submission to the Barker review of housing supply, RICS has singled out the massive shortfall in social and affordable housing as the root cause of the crisis in the UK housing market. While private housing building levels have been well maintained over the last few decades, provision of social housing is now only 20% of what it was 20 years ago. The UK lags far behind the rest of Europe and currently has an average 10% or 2.5 m fewer homes than Germany, Italy and France, taking account of population size. The submission is available at http://www.rics.org/ricscms/bin/show?class=Policy&template=/includes/showpolicy.html&id=785&faculty=RICS http://www.rics.org/ricscms/bin/show?class=PressRelease&template=/includes/showpr.html&id=984&faculty=RICS
590 ## - LOCAL NOTE (RLIN)
Local note WB
650 ## - SUBJECT ADDED ENTRY--TOPICAL TERM
Topical term or geographic name entry element HOUSING SUPPLY
650 ## - SUBJECT ADDED ENTRY--TOPICAL TERM
Topical term or geographic name entry element HOUSE BUILDING
650 ## - SUBJECT ADDED ENTRY--TOPICAL TERM
Topical term or geographic name entry element EUROPE
650 ## - SUBJECT ADDED ENTRY--TOPICAL TERM
Topical term or geographic name entry element PRIVATE HOUSING
650 ## - SUBJECT ADDED ENTRY--TOPICAL TERM
Topical term or geographic name entry element Affordable housing
9 (RLIN) 6215
650 ## - SUBJECT ADDED ENTRY--TOPICAL TERM
Topical term or geographic name entry element BARKER REVIEW OF HOUSING SUPPLY
690 ## - LOCAL SUBJECT ADDED ENTRY--TOPICAL TERM (OCLC, RLIN)
Topical term or geographic name as entry element PROPERTY-RESIDENTIAL PROPERTY-RESIDENTIAL PROPERTY MARKET
942 ## - ADDED ENTRY ELEMENTS (KOHA)
Suppress in OPAC 0
Holdings
Withdrawn status Lost status Source of classification or shelving scheme Damaged status Not for loan Home library Current library Shelving location Date acquired Total Checkouts Full call number Barcode Date last seen Copy number Price effective from Koha item type
    Dewey Decimal Classification     London London News article 18/08/2003   WB3931-20 123292-1001 06/08/2019 1 06/08/2019 News article